| 000 | 01763nam a2200469 i 4500 | ||
|---|---|---|---|
| 001 | 37458 | ||
| 003 | KOSZ 005 | ||
| 005 | 20220405125823.0 | ||
| 008 | 220405s1989 pl a f 000 0 pol | ||
| 015 | _aPB 1989/2936 | ||
| 020 | _a8321331521 | ||
| 020 | _a8321334024 | ||
| 040 |
_aWA N _cWA N _dKOSZ 005/RW |
||
| 046 | _k1989 | ||
| 080 | _a624.012.45 | ||
| 080 | _a(075.8) | ||
| 100 | 1 |
_aKobiak, Jerzy _d(1919-1975) _eAutor |
|
| 245 | 1 | 0 |
_aKonstrukcje żelbetowe. _nT. 3 / _cJerzy Kobiak, Wiesław Stachurski ; [recenzentTadeusz Godycki-Ćwirko]. |
| 250 | _aWydanie 5 znowelizowane. | ||
| 260 |
_aWarszawa : _b"Arkady", _c1989. |
||
| 300 |
_a379, [5] stron : _bfotografie, rysunki, wykresy ; _c25 cm. |
||
| 336 |
_aTekst _btxt _2rdacontent |
||
| 337 |
_aBez urządzenia pośredniczącego _bn _2rdamedia |
||
| 338 |
_aWolumin _bnc _2rdacarrier |
||
| 380 | _aKsiążki | ||
| 380 | _aPublikacje fachowe | ||
| 380 | _aPublikacje dydaktyczne | ||
| 385 |
_mPoziom nauczania _aSzkoły wyższe |
||
| 388 | 1 | _a1901-2000 | |
| 388 | 1 | _a1945-1989 | |
| 504 | _aBibliografia przy rozdziałach. | ||
| 521 | 8 | _aKsiążka przeznaczona jest dla inżynierów projektantów oraz studentów wydziałów budowlanych wyższych szkół technicznych jako książka pomocnicza. | |
| 650 | 7 | _aBudownictwo | |
| 650 | 7 | _aKonstrukcje żelbetowe | |
| 655 | 7 | _aPodręczniki akademickie | |
| 658 | _aArchitektura i budownictwo | ||
| 700 | 1 |
_aStachurski, Wiesław _d(1926-2009) _eAutor |
|
| 700 | 1 |
_aGodycki-Ćwirko, Tadeusz _d(1926-2020) _eRecenzja |
|
| 710 | 2 |
_aWydawnictwo Arkady _4pbl |
|
| 856 |
_uhttp://koha.tu.koszalin.pl/cgi-bin/koha/opac-detail.pl?biblionumber=37458 _yKatalog online BPK |
||
| 942 |
_2UKD _cKS |
||
| 999 |
_c37458 _d37458 |
||